000 01114nam a2200313 i 4500
003 DO-SdBNP
005 20251106073355.0
007 ta
008 251106b2008 dr ||||| |||| 00| 0 spa d
020 _a9789945864809
040 _aDO-SdBNP
_bspa
_cBNPHU
_erda
041 _aspa
082 4 _a343.032
_bJ82d 2008
_222
100 1 _aJorge Prats, Eduardo,
_eautor
_4aut.
_917747
245 1 0 _aDerecho de la regulación monetaria y financiera /
_cEduardo Jorge Prats, Omar E. Victoria Contreras.
264 4 _aSanto Domingo :
_bIUS Novum,
_c©2008.
300 _a520 páginas ;
_c23 cm.
336 _atexto
_btxt
_2rdacontent
337 _asin mediación
_bnc
_2rdamedia
338 _avolumen
_bnc
_2rdacarrier
590 _aInventariado, 2025/BT
650 4 _aDerecho financiero
_zRepública Dominicana
_931014
650 4 _aPolítica monetaria
_zRepública Dominicana
_95998
650 4 _aSociedades comerciales
_xLegislación
_zRepública Dominicana
_910074
650 4 _aLeyes
_zRepública Dominicana
_93033
700 1 _aVictoria Contreras, Omar E.,
_eautor
_4aut.
_931015
910 _aBtavárez
942 _2ddc
_cLBS1
999 _c60017
_d60017